00984 2200325 4500001002100000005001500021035002000036007000300056008004100059020002200100082001400122084001600136100002800152245011300180250002000293300005000313650001800363700003300381504003200414264003200446336002100478337003000499338002300529040002200552090002000574090002200594850001200616041000800628990002200636INLIS00000000084622220190507094614 a0010-0419001081ta190422s2018 yoia g | ind d a978-602-475-740-304223a578.7 a578.7 ENN b0 aEnny WidyatiePengarang10aBiologi tanah :bmembedah kerapuhan sistem budidaya monokultur /cEnny Widyati; editor, Edy Nasriyadi Sambas aCetakan pertama ax, 125 halaman :bilustrasi berwarna ;c23 cm 4aBiologi tanah0 aEdy Nasriyadi SambaseEditor aBibliografi: halaman 94-118 aSleman :bDeepublish,c2018 2rdacontentateks 2rdamediaatanpa perantara 2rdacarrieravolume aYOPDYOGbinderda aDEP 578.7 ENN b aCB-D.11 2018-1702 aYOPDYOG0 aind aCB-D.11/2018-1702